| 000 | 00471nam a22001577a 4500 | ||
|---|---|---|---|
| 003 | MPLRDC | ||
| 005 | 20220104144502.0 | ||
| 008 | 210129b ||||| |||| 00| 0 eng d | ||
| 082 | _a051.3 S2XH 1993 | ||
| 100 | _a纪念特刊编委会 | ||
| 245 |
_a芙蓉新华学校新校舍开幕创校四十七周年, 校友会成立周年纪念特刊 _c |
||
| 260 |
_a _b芙蓉新华学校 _c1993 |
||
| 300 | _b平 | ||
| 650 | _a学术纪要、学刊 | ||
| 942 |
_cBK _o051.3 S2XH 1993 |
||
| 999 |
_c50064 _d50054 |
||